Loading...

Being and becoming an essay towards a critical metaphysic /

Bibliographic Details
Main Author: Hawkins, Djb
Language:Undetermined
Published: 1954.
LEADER 00409nam a2200121Ia 4500
001 75220
008 170722s9999 xx 000 0 und d
100 |a Hawkins, Djb 
245 |a Being and becoming  |b an essay towards a critical metaphysic / 
260 |c 1954. 
942 |c GEN 
999 |c 47255  |d 47255 
952 |0 0  |1 0  |4 0  |6 R_3_000000000000000_J42  |7 0  |8 LC1  |9 66400  |a LIB  |b LIB  |d 2017-08-12  |h LC1  |o R3 J42  |p 57018  |r 2017-08-12  |w 2017-08-12  |y GEN